| 000 | 00705nam a2200229 a 4500 | ||
|---|---|---|---|
| 005 | 20240224063813.0 | ||
| 008 | 170314s1994 mx r 000 0 spa d | ||
| 020 | _a9682954347 | ||
| 035 | _aUPN01000216760 | ||
| 049 | _aCG | ||
| 050 | 4 |
_aPM3968.4 _bC8.2 |
|
| 245 | 0 | 0 |
_aCuentos mayas tradicionales / _cIrene Dzul Chablé ... [et al.]. |
| 260 |
_aMéxico : _bInstituto Nacional Indigenista : _bSEDESOL, _c1994. |
||
| 300 | _a73 p. | ||
| 440 | 0 |
_aLetras mayas contemporáneas ; _v14 |
|
| 650 | 4 |
_aCUENTOS MAYAS _913152 |
|
| 650 | 4 |
_aMayas _xVida social y costumbres _912451 |
|
| 650 | 4 |
_aFOLKLORE - _zYUCATAN _920884 |
|
| 700 | 1 |
_aDzul Chablé, Irene, _ecoaut. |
|
| 905 | _aLibro | ||
| 999 |
_c188860 _d188860 |
||